header

Strategy for an Army center for network science, technology, and experimentation (Record no. 221317)

MARC details
000 -LEADER
fixed length control field 01831nam a2200361Ia 4500
245 00 - TITLE STATEMENT
Title Strategy for an Army center for network science, technology, and experimentation
260 ## - PUBLICATION, DISTRIBUTION, ETC. (IMPRINT)
Place of publication Washington, D.C. :
Name of publisher National Academies Press,
Year of publication c2007.
300 ## - PHYSICAL DESCRIPTION
Number of Pages xviii, 79 p. :
Other physical details col. ill.
650 #0 - SUBJECT ADDED ENTRY--TOPICAL TERM
Topical Term Military research
Topical Term Network analysis (Planning)
Topical Term Command and control systems
Topical Term Neural networks (Computer science)
Topical Term Semantic networks (Information theory)
Topical Term Computer networks
Topical Term Social networks
856 40 - ELECTRONIC LOCATION AND ACCESS
Uniform Resource Identifier http://site.ebrary.com/lib/rucke/Doc?id=10194173

No items available.

© 2026 Rongo University
Contact us: librarian | system librarian | Rongo university